000 00398nam a22001697a 4500
003 CEME
005 20210628203025.0
008 210128b xxu||||| |||| 00| 0 eng d
020 _a9789693519426
040 _c.
082 _a891.4392 ISH
100 _aIshfaq Ahmad
_9348
245 _aAashianay ,talqeen shah
260 _aLAHORE
_bSANG-E-MEEL PUB
_c2007
300 _a440P
942 _cBK
_2ddc
999 _c571877
_d571877